| 000 | 00605nam a2200193Ia 4500 | ||
|---|---|---|---|
| 003 | GCL | ||
| 008 | 140319s9999 xx 000 0 ara d | ||
| 040 |
_aGCL / _cGCL |
||
| 082 | 0 | 4 |
_aق _b291.023 _bا د |
| 100 | 1 | _aسليم حسن | |
| 245 | 1 | 0 |
_aديانة قدماء المصريين / _cسليم حسن |
| 700 | 1 | _aاستنيدرف | |
| 300 | _a140 ص | ||
| 490 |
_aالهيئة العامة للاستعلامات _v0 |
||
| 650 | 0 | 4 | _aالديانات القديمة |
| 650 | 0 | 4 | _aالديانات المصرية القديمة |
| 650 | 0 | 4 | _aمصر القديمة - تاريخ |
| 942 |
_2ddc _cBK |
||
| 999 |
_c49663 _d49663 |
||